[Event "Florianopolis op 8th"]
[Site "Florianopolis"]
[Date "2022.01.27"]
[Round "5"]
[White "Nogueira, Ivan Kuhlmann"]
[Black "Valim, Luiz Claudio"]
[Result "1/2-1/2"]
[WhiteElo "2186"]
[BlackElo "1970"]
[PlyCount "34"]
[EventDate "2022.01.24"]
[EventType "swiss"]
[EventRounds "10"]
[EventCountry "BRA"]
[SourceTitle "CBM 206 Extra"]
[Source "ChessBase"]
[SourceDate "2022.03.31"]
[SourceVersion "1"]
[SourceVersionDate "2022.03.31"]
[SourceQuality "1"]

1. e4 c5 2. d4 cxd4 3. c3 dxc3 4. Nxc3 d6 5. Bc4 e6 6. Nf3 Nc6 7. 0-0 Be7 8. Qe2 Nf6 9. Rd1 e5 10. Be3 0-0 11. h3 h6 12. Nh4 Na5 13. Bb5 a6 14. Ba4 b5 15. Bc2 Nc4 16. Bc1 Be6 17. Qf3 Rc8 1/2-1/2

[Event "BRA-ch 87th"]
[Site "Cuiaba"]
[Date "2021.11.02"]
[Round "9"]
[White "Arruda Filho, Ivo Pereira de"]
[Black "Nogueira, Ivan Kuhlmann"]
[Result "1/2-1/2"]
[WhiteElo "1718"]
[BlackElo "2237"]
[PlyCount "30"]
[EventDate "2021.10.28"]
[EventType "swiss"]
[EventRounds "11"]
[EventCountry "BRA"]
[SourceTitle "CBM 205 Extra"]
[Source "ChessBase"]
[SourceDate "2022.01.31"]
[SourceVersion "1"]
[SourceVersionDate "2022.01.31"]
[SourceQuality "1"]

1. Nf3 Nc6 2. d4 d5 3. Bf4 f6 4. e3 Bg4 5. Be2 e5 6. dxe5 Bxf3 7. Bxf3 fxe5 8. Bg3 Nf6 9. 0-0 Qd6 10. c4 0-0-0 11. cxd5 Nxd5 12. Nc3 Nxc3 13. bxc3 Qxd1 14. Rfxd1 Bd6 15. Be4 Ne7 1/2-1/2

[Event "BRA-ch 87th"]
[Site "Cuiaba"]
[Date "2021.10.31"]
[Round "5"]
[White "Nunes, Sidney Jr"]
[Black "Nogueira, Ivan Kuhlmann"]
[Result "1/2-1/2"]
[WhiteElo "2084"]
[BlackElo "2237"]
[PlyCount "59"]
[EventDate "2021.10.28"]
[EventType "swiss"]
[EventRounds "11"]
[EventCountry "BRA"]
[SourceTitle "CBM 205 Extra"]
[Source "ChessBase"]
[SourceDate "2022.01.31"]
[SourceVersion "1"]
[SourceVersionDate "2022.01.31"]
[SourceQuality "1"]

1. e4 Nc6 2. d4 d5 3. e5 Bf5 4. Nf3 e6 5. Be2 Nge7 6. a3 Ng6 7. Be3 f6 8. exf6 Qxf6 9. Nc3 a6 10. Qd2 Bd6 11. h4 h6 12. h5 Nge7 13. Nh4 0-0-0 14. 0-0-0 e5 15. Nxf5 Qxf5 16. Kb1 Kb8 17. Bf3 exd4 18. Bxd4 Ne5 19. Bxe5 Bxe5 20. Rhe1 Qf6 21. Na4 Nc6 22. Nc5 Rd6 23. Nd3 Bd4 24. c3 Bb6 25. Re2 Na5 26. Ne5 Nc4 27. Nxc4 dxc4 28. Qc2 Rhd8 29. Rxd6 Qxd6 30. Ka2 1/2-1/2

[Event "BRA-ch 87th"]
[Site "Cuiaba"]
[Date "2021.10.30"]
[Round "4"]
[White "Nogueira, Ivan Kuhlmann"]
[Black "Di Berardino, Diego Rafael"]
[Result "0-1"]
[WhiteElo "2237"]
[BlackElo "2471"]
[PlyCount "66"]
[EventDate "2021.10.28"]
[EventType "swiss"]
[EventRounds "11"]
[EventCountry "BRA"]
[SourceTitle "CBM 205 Extra"]
[Source "ChessBase"]
[SourceDate "2022.01.31"]
[SourceVersion "1"]
[SourceVersionDate "2022.01.31"]
[SourceQuality "1"]

1. d4 Nf6 2. Nc3 d5 3. Bg5 Nbd7 4. Nf3 e6 5. e4 h6 6. Bh4 g5 7. Bg3 Nxe4 8. Nxe4 dxe4 9. Nd2 Bg7 10. Qe2 Nb6 11. c3 Bd7 12. h4 Bc6 13. hxg5 hxg5 14. Rxh8+ Bxh8 15. Qh5 Bf6 16. Qh7 Qd5 17. Nc4 Nxc4 18. Bxc4 Qxc4 19. Qg8+ Kd7 20. Qxa8 Bb5 21. 0-0-0 Ba4 22. Qxb7 Bxd1 23. Kxd1 e3 24. fxe3 Qd3+ 25. Ke1 Qxe3+ 26. Kf1 Qxg3 27. Qb5+ c6 28. Qa6 Qb8 29. Kg1 Qb6 30. Qf1 Ke7 31. b4 Qb5 32. Qf3 Qc4 33. Qg3 Kf8 0-1

[Event "Titled Tuesday intern op 09th Mar"]
[Site "Chess.com INT"]
[Date "2021.03.09"]
[Round "3"]
[White "Nogueira, Ivan Kuhlmann"]
[Black "Dragomirescu, Robin Alexandru"]
[Result "0-1"]
[WhiteElo "2237"]
[BlackElo "2337"]
[PlyCount "110"]
[EventDate "2021.03.09"]
[EventType "swiss (blitz)"]
[EventRounds "11"]
[EventCountry "USA"]
[SourceTitle "CBM 201 Extra"]
[Source "ChessBase"]
[SourceDate "2021.05.31"]
[SourceVersion "1"]
[SourceVersionDate "2021.05.31"]
[SourceQuality "1"]

1. a4 d5 2. g3 e5 3. Bg2 Nc6 4. d3 Nf6 5. Nd2 Be7 6. e4 0-0 7. Ngf3 Re8 8. 0-0 Bf8 9. b3 h6 10. Bb2 d4 11. Nc4 Nd7 12. c3 Nb6 13. Nxb6 axb6 14. cxd4 exd4 15. Nd2 Bb4 16. h3 Be6 17. Nc4 f5 18. f4 fxe4 19. dxe4 d3 20. f5 Bxc4 21. bxc4 Bc5+ 22. Kh2 Bd4 23. Ra2 Ne5 24. f6 g6 25. f7+ Nxf7 26. e5 c6 27. Qg4 Nxe5 28. Qxd4 Qxd4 29. Bxd4 Nxc4 30. Rd1 Rad8 31. Bg1 Ne3 32. Bxe3 Rxe3 33. Bf1 c5 34. a5 b5 35. a6 bxa6 36. Rxa6 Kg7 37. Rc6 c4 38. Rc5 h5 39. h4 Rd4 40. Rxb5 c3 41. Bxd3 Rdxd3 42. Rxd3 Rxd3 43. Rc5 Rd2+ 44. Kh3 c2 45. Rc3 Kf6 46. Rc6+ Ke5 47. g4 Kd4 48. gxh5 gxh5 49. Kg3 Ke3 50. Re6+ Kd3 51. Rc6 Ke2 52. Kf4 Kd1 53. Kg5 Rd5+ 54. Kf6 c1Q 55. Rxc1+ Kxc1 0-1

[Event "Titled Tuesday intern op 09th Mar"]
[Site "Chess.com INT"]
[Date "2021.03.09"]
[Round "8"]
[White "Nogueira, Ivan Kuhlmann"]
[Black "Kairbekova, Amina"]
[Result "1-0"]
[WhiteElo "2237"]
[BlackElo "2132"]
[PlyCount "59"]
[EventDate "2021.03.09"]
[EventType "swiss (blitz)"]
[EventRounds "11"]
[EventCountry "USA"]
[SourceTitle "CBM 201 Extra"]
[Source "ChessBase"]
[SourceDate "2021.05.31"]
[SourceVersion "1"]
[SourceVersionDate "2021.05.31"]
[SourceQuality "1"]

1. a4 b5 2. axb5 a6 3. bxa6 Bxa6 4. Na3 Bb7 5. Nf3 g6 6. g3 Bg7 7. Bg2 e6 8. 0-0 Ne7 9. c3 c5 10. d3 0-0 11. Bf4 d6 12. Qd2 Nf5 13. e4 Ne7 14. Bh6 Nbc6 15. Bxg7 Kxg7 16. Nc2 Qb6 17. Na3 Na5 18. Qe2 Nb3 19. Rab1 Ba6 20. Nc4 Bxc4 21. dxc4 f6 22. Rfd1 Ra4 23. Nd2 Rb8 24. Nxb3 Qxb3 25. Rxd6 Rxc4 26. Rd7 Kf7 27. e5 f5 28. Qd2 Qa2 29. Rf1 Qxb2 30. Qg5 1-0

[Event "Florianopolis op 7th"]
[Site "Florianopolis"]
[Date "2021.01.24"]
[Round "10"]
[White "Rodrigues, Edgar"]
[Black "Nogueira, Ivan Kuhlmann"]
[Result "1-0"]
[WhiteElo "2333"]
[BlackElo "2224"]
[PlyCount "51"]
[EventDate "2021.01.18"]
[EventType "swiss"]
[EventRounds "10"]
[EventCountry "BRA"]
[SourceTitle "CBM 200 Extra"]
[Source "ChessBase"]
[SourceDate "2021.03.31"]
[SourceVersion "1"]
[SourceVersionDate "2021.03.31"]
[SourceQuality "1"]

1. d4 Nf6 2. c4 b6 3. Nf3 Bb7 4. g3 c5 5. d5 b5 6. Bg2 bxc4 7. Nc3 d6 8. 0-0 g6 9. Qa4+ Nbd7 10. Bg5 Bg7 11. Rad1 0-0 12. Qxc4 Qb6 13. Qh4 Qxb2 14. Bd2 Qb4 15. e4 Ba6 16. Rfe1 Bd3 17. Re3 c4 18. e5 dxe5 19. Rxd3 e4 20. Nxe4 Qa4 21. Nc3 Qxd1+ 22. Nxd1 cxd3 23. Ne3 Nb6 24. Nd4 Rfd8 25. d6 e5 26. Ndf5 1-0

[Event "Florianopolis op 7th"]
[Site "Florianopolis"]
[Date "2021.01.21"]
[Round "5"]
[White "Nogueira, Ivan Kuhlmann"]
[Black "Guara Neto, Argemiro Braga"]
[Result "1-0"]
[WhiteElo "2224"]
[BlackElo "2057"]
[PlyCount "27"]
[EventDate "2021.01.18"]
[EventType "swiss"]
[EventRounds "10"]
[EventCountry "BRA"]
[SourceTitle "CBM 200 Extra"]
[Source "ChessBase"]
[SourceDate "2021.03.31"]
[SourceVersion "1"]
[SourceVersionDate "2021.03.31"]
[SourceQuality "1"]

1. e4 c5 2. d4 cxd4 3. c3 dxc3 4. Nxc3 d6 5. Nf3 g6 6. Bc4 Bg7 7. Qb3 e6 8. Bf4 Ne7 9. Rd1 Nbc6 10. Bxd6 0-0 11. Qa3 Re8 12. Nb5 Qa5+ 13. Qxa5 Nxa5 14. Be2 1-0

[Event "Florianopolis op 7th"]
[Site "Florianopolis"]
[Date "2021.01.21"]
[Round "6"]
[White "Von Buelow, Georg"]
[Black "Nogueira, Ivan Kuhlmann"]
[Result "1-0"]
[WhiteElo "2359"]
[BlackElo "2224"]
[PlyCount "97"]
[EventDate "2021.01.18"]
[EventType "swiss"]
[EventRounds "10"]
[EventCountry "BRA"]
[SourceTitle "CBM 200 Extra"]
[Source "ChessBase"]
[SourceDate "2021.03.31"]
[SourceVersion "1"]
[SourceVersionDate "2021.03.31"]
[SourceQuality "1"]

1. e4 e5 2. Nf3 Nc6 3. Nc3 Nf6 4. d4 exd4 5. Nxd4 Bb4 6. Nxc6 bxc6 7. Bd3 d5 8. exd5 Qe7+ 9. Qe2 Nxd5 10. Bd2 Nxc3 11. Qxe7+ Kxe7 12. a3 Na4 13. axb4 Nxb2 14. Be4 Bd7 15. Bc3 Rhe8 16. 0-0 Kf8 17. Bxh7 Nc4 18. Bd3 Nb6 19. Bd4 Be6 20. Ra6 Kg8 21. Bc5 Nd7 22. Rxc6 Ne5 23. Rxc7 Nxd3 24. cxd3 a6 25. h3 Reb8 26. Ra1 Rb5 27. Ra5 Rxa5 28. bxa5 Bf5 29. d4 Rd8 30. f3 Bd3 31. Kf2 Bb5 32. h4 f6 33. g4 Ba4 34. Ra7 Bb5 35. Kg3 Bc4 36. Kf4 Bb5 37. Re7 Bd3 38. Bb6 Rd5 39. Ke3 Bb5 40. Rc7 Rd6 41. Ke4 Ba4 42. d5 Bb3 43. Rc5 Rd7 44. Kd4 Bd1 45. Rc3 Kf7 46. Kc5 Be2 47. d6 Bf1 48. Bc7 Bb5 49. Rb3 1-0

[Event "Titled Tuesday intern op 15th Sept"]
[Site "Chess.com INT"]
[Date "2020.09.15"]
[Round "4"]
[White "Nogueira, Ivan Kuhlmann"]
[Black "Mekhitarian, Krikor Sevag"]
[Result "1/2-1/2"]
[WhiteElo "2256"]
[BlackElo "2554"]
[PlyCount "84"]
[EventDate "2020.09.15"]
[EventType "swiss (blitz)"]
[EventRounds "10"]
[EventCountry "USA"]
[SourceTitle "CBM 198 Extra"]
[Source "ChessBase"]
[SourceDate "2020.11.30"]
[SourceVersion "1"]
[SourceVersionDate "2020.11.30"]
[SourceQuality "1"]

1. a4 e5 2. g3 d5 3. Bg2 Nf6 4. d3 Be6 5. Nd2 Nc6 6. e4 Bc5 7. Ngf3 dxe4 8. dxe4 0-0 9. 0-0 a5 10. Ng5 Bg4 11. Bf3 Bxf3 12. Ngxf3 Qd7 13. Kg2 Rad8 14. c3 Qd3 15. Qb3 b6 16. Qb5 Qd7 17. Qe2 Qd3 18. Re1 Ng4 19. Qxd3 Rxd3 20. Re2 Nxf2 21. Rxf2 Bxf2 22. Kxf2 f6 23. Ke2 Rfd8 24. Nb3 R3d7 25. Be3 Kf7 26. Nbd2 Ke6 27. Nc4 Ra8 28. g4 h6 29. h4 Ne7 30. Rg1 Rad8 31. h5 Nc8 32. Nh4 Ne7 33. Nf5 Nxf5 34. gxf5+ Kf7 35. Rb1 Ra8 36. Rg1 Rdd8 37. Rb1 Rd7 38. Rf1 Rdd8 39. Rc1 Rd7 40. Rf1 Rdd8 41. Rc1 Kf8 42. Rf1 Kf7 1/2-1/2

[Event "Titled Tuesday intern op 15th Sept"]
[Site "Chess.com INT"]
[Date "2020.09.15"]
[Round "7"]
[White "Nogueira, Ivan Kuhlmann"]
[Black "Mendonca, Leon Luke"]
[Result "0-1"]
[WhiteElo "2256"]
[BlackElo "2490"]
[PlyCount "70"]
[EventDate "2020.09.15"]
[EventType "swiss (blitz)"]
[EventRounds "10"]
[EventCountry "USA"]
[SourceTitle "CBM 198 Extra"]
[Source "ChessBase"]
[SourceDate "2020.11.30"]
[SourceVersion "1"]
[SourceVersionDate "2020.11.30"]
[SourceQuality "1"]

1. a4 Nf6 2. g3 d5 3. Bg2 e6 4. d3 Be7 5. Nd2 0-0 6. e4 c5 7. Ngf3 Nc6 8. 0-0 Qc7 9. Re1 b6 10. b3 a6 11. Bb2 d4 12. Nc4 Bb7 13. Bc1 Nd7 14. Bf4 e5 15. Bg5 b5 16. Nb2 Nb6 17. Bxe7 Qxe7 18. Nh4 g6 19. Qd2 c4 20. axb5 c3 21. Qh6 cxb2 22. Rab1 axb5 23. Rxb2 Bc8 24. f4 f6 25. fxe5 Nxe5 26. h3 Be6 27. Rbb1 Ra2 28. Ra1 Rfa8 29. Rxa2 Rxa2 30. g4 Nbd7 31. Qc1 Kg7 32. Qb1 Qa3 33. Qd1 Qc5 34. Re2 Qc3 35. g5 Ra1 0-1

[Event "Titled Tuesday intern op 15th Sept"]
[Site "Chess.com INT"]
[Date "2020.09.15"]
[Round "3"]
[White "Nogueira, Ivan Kuhlmann"]
[Black "Ochedzan, Tymon"]
[Result "1-0"]
[WhiteElo "2256"]
[BlackElo "2214"]
[PlyCount "69"]
[EventDate "2020.09.15"]
[EventType "swiss (blitz)"]
[EventRounds "10"]
[EventCountry "USA"]
[SourceTitle "CBM 198 Extra"]
[Source "ChessBase"]
[SourceDate "2020.11.30"]
[SourceVersion "1"]
[SourceVersionDate "2020.11.30"]
[SourceQuality "1"]

1. a4 c5 2. g3 d5 3. Bg2 Nf6 4. d3 Nc6 5. Nd2 e5 6. e4 Be6 7. Ngf3 Be7 8. Ng5 0-0 9. Nxe6 fxe6 10. 0-0 Rc8 11. Bh3 Qd6 12. exd5 exd5 13. Bxc8 Rxc8 14. c3 Nd8 15. Nf3 Nf7 16. Ng5 c4 17. dxc4 Rxc4 18. Nxf7 Kxf7 19. Re1 Ne4 20. Be3 Kg8 21. Qh5 d4 22. Qe8+ Bf8 23. Bxd4 Nd2 24. Bxe5 Nf3+ 25. Kf1 Qd3+ 26. Kg2 Nxe1+ 27. Rxe1 Re4 28. Rxe4 Qxe4+ 29. f3 Qe2+ 30. Kh3 Qxf3 31. Qe6+ Kh8 32. Bf4 Qf1+ 33. Kg4 Qd1+ 34. Kh4 Qc2 35. Qe8 1-0

[Event "Catanduva op"]
[Site "Catanduva"]
[Date "2020.03.15"]
[Round "6"]
[White "Nogueira, Ivan Kuhlmann"]
[Black "Carlos, Roberta Souto"]
[Result "1-0"]
[WhiteElo "2270"]
[BlackElo "1706"]
[PlyCount "73"]
[EventDate "2020.03.13"]
[EventType "swiss"]
[EventRounds "6"]
[EventCountry "BRA"]
[SourceTitle "CBM 195 Extra"]
[Source "ChessBase"]
[SourceDate "2020.05.31"]
[SourceVersion "1"]
[SourceVersionDate "2020.05.31"]
[SourceQuality "1"]

1. e4 c5 2. Nf3 Nc6 3. Bb5 g6 4. Bxc6 bxc6 5. 0-0 Bg7 6. c3 d5 7. Qa4 Bd7 8. b3 e6 9. Ba3 Qb6 10. e5 Ne7 11. d3 a5 12. Nbd2 Rc8 13. Qf4 h5 14. Qe3 Nf5 15. Qe2 Ra8 16. c4 g5 17. Rac1 g4 18. Ne1 Nd4 19. Qd1 Bxe5 20. cxd5 cxd5 21. Bxc5 Qb8 22. f4 Bxf4 23. Bxd4 Bxh2+ 24. Kh1 Rg8 25. Qe2 Bg3 26. Rf6 Bh4 27. Be5 Qb4 28. Nc2 Qe7 29. Rff1 f5 30. Nd4 Qh7 31. Nxf5 exf5 32. Bf6+ Kf7 33. Bxh4 Rae8 34. Qf2 Qg6 35. Rc7 Qe6 36. Qxf5+ Qxf5 37. Rxf5+ 1-0

[Event "Catanduva op"]
[Site "Catanduva"]
[Date "2020.03.14"]
[Round "4"]
[White "Gobbo, Jose Arildo Jr"]
[Black "Nogueira, Ivan Kuhlmann"]
[Result "1/2-1/2"]
[WhiteElo "1795"]
[BlackElo "2270"]
[PlyCount "108"]
[EventDate "2020.03.13"]
[EventType "swiss"]
[EventRounds "6"]
[EventCountry "BRA"]
[SourceTitle "CBM 195 Extra"]
[Source "ChessBase"]
[SourceDate "2020.05.31"]
[SourceVersion "1"]
[SourceVersionDate "2020.05.31"]
[SourceQuality "1"]

1. Nf3 Nc6 2. d4 d5 3. g3 Bg4 4. Bg2 Qd7 5. Bf4 f6 6. h3 Bxf3 7. Bxf3 e5 8. dxe5 fxe5 9. Bg4 Qf7 10. Bg5 Bc5 11. Rf1 h6 12. f4 e4 13. Nc3 h5 14. Qxd5 Qxd5 15. Nxd5 hxg4 16. Nxc7+ Kd7 17. Nxa8 Nf6 18. 0-0-0+ Kc8 19. Bxf6 gxf6 20. hxg4 Kb8 21. Rh1 Rf8 22. Rh7 Kxa8 23. Rdd7 Nd8 24. Rc7 Ne6 25. Rxb7 Rg8 26. Rbf7 Bf2 27. Rxf6 Nd4 28. Rhf7 Nxe2+ 29. Kd2 Nxg3 30. Rf8+ Rxf8 31. Rxf8+ Kb7 32. Re8 e3+ 33. Rxe3 Nf1+ 34. Ke2 Bxe3 35. f5 Bc1 36. Kxf1 Bxb2 37. Ke2 Kc6 38. Kd3 Kd5 39. g5 Ke5 40. f6 Kf5 41. Kc4 Kxg5 42. f7 Ba3 43. Kb5 Kf6 44. Ka6 Kxf7 45. Kxa7 Ke7 46. Ka6 Kd6 47. Kb5 Kc7 48. Ka4 Bc5 49. Kb3 Kb6 50. Kc4 Ba3 51. Kb3 Bf8 52. Kc4 Ba3 53. Kd5 Bf8 54. c3 Ka5 1/2-1/2

[Event "Barra de Sao Miguel op"]
[Site "Barra de Sao Miguel"]
[Date "2019.10.12"]
[Round "4"]
[White "Nogueira, Ivan Kuhlmann"]
[Black "De Magalhaes, Jonathas Jose"]
[Result "1-0"]
[WhiteElo "2270"]
[BlackElo "2097"]
[PlyCount "56"]
[EventDate "2019.10.10"]
[EventType "swiss"]
[EventRounds "7"]
[EventCountry "BRA"]
[SourceTitle "CBM 192 Extra"]
[Source "Chessbase"]
[SourceDate "2019.11.06"]
[SourceVersion "1"]
[SourceVersionDate "2019.11.06"]
[SourceQuality "1"]

1. e4 e5 2. Nf3 Nc6 3. Bc4 Bc5 4. c3 Nf6 5. d4 exd4 6. cxd4 Bb4+ 7. Nc3 d5 8. exd5 Nxd5 9. 0-0 Bxc3 10. bxc3 0-0 11. Qc2 h6 12. Re1 Nb6 13. Bb3 Qf6 14. d5 Bf5 15. Qe2 Na5 16. Ba3 Rfc8 17. Qb5 Nxb3 18. Qxb3 Re8 19. c4 Be4 20. Bb2 Qg6 21. Nh4 Qg4 22. g3 Bh7 23. c5 Na4 24. f3 Qd7 25. c6 bxc6 26. Qxa4 Qxd5 27. Qd4 Qg5 28. f4 Qg4 1-0

[Event "Barra de Sao Miguel op"]
[Site "Barra de Sao Miguel"]
[Date "2019.10.10"]
[Round "1"]
[White "Jeremias Mello, Christian"]
[Black "Nogueira, Ivan Kuhlmann"]
[Result "0-1"]
[WhiteElo "1800"]
[BlackElo "2270"]
[PlyCount "65"]
[EventDate "2019.10.10"]
[EventType "swiss"]
[EventRounds "7"]
[EventCountry "BRA"]
[SourceTitle "CBM 192 Extra"]
[Source "Chessbase"]
[SourceDate "2019.11.06"]
[SourceVersion "1"]
[SourceVersionDate "2019.11.06"]
[SourceQuality "1"]

1. d4 Nf6 2. e3 d6 3. Nf3 g6 4. Be2 Bg7 5. c4 0-0 6. 0-0 Nfd7 7. Nc3 a5 8. b3 c6 9. Bb2 Re8 10. Qc2 Na6 11. Rad1 Qc7 12. a3 Nb6 13. e4 e5 14. d5 Qe7 15. Rfe1 Nd7 16. Bc1 Ndc5 17. Bg5 Qc7 18. Rd2 f5 19. Bd1 f4 20. Nh4 h6 21. Bxf4 g5 22. Bxg5 hxg5 23. Nf3 Bh6 24. Rde2 Qe7 25. h3 g4 26. Nh2 gxh3 27. gxh3 Bxh3 28. Kh1 Kh8 29. Rg1 Rg8 30. Rxg8+ Rxg8 31. Re3 Bg2+ 32. Kg1 Bf3+ 33. Kf1 0-1

[Event "Sao Paulo op-A 6th"]
[Site "Sao Paulo"]
[Date "2017.04.16"]
[Round "5"]
[White "Alboredo, Julia"]
[Black "Nogueira, Ivan Kuhlmann"]
[Result "0-1"]
[WhiteElo "2049"]
[BlackElo "2275"]
[PlyCount "76"]
[EventDate "2017.04.14"]
[EventType "swiss"]
[EventRounds "6"]
[EventCountry "BRA"]
[SourceTitle "CBM 178 Extra"]
[Source "ChessBase"]
[SourceDate "2017.06.22"]
[SourceVersion "1"]
[SourceVersionDate "2017.06.22"]
[SourceQuality "1"]

1. e4 e5 2. Nf3 f5 3. d4 fxe4 4. Nxe5 Nf6 5. Be2 d6 6. Ng4 Bf5 7. Bg5 Be7 8. Ne3 Bg6 9. h4 h6 10. Bxf6 Bxf6 11. Bh5 Bxh5 12. Qxh5+ Kf8 13. c3 c6 14. Nd2 d5 15. 0-0-0 Nd7 16. g4 Kg8 17. Nxd5 cxd5 18. Qxd5+ Kf8 19. g5 Be7 20. Qf5+ Kg8 21. Qe6+ Kf8 22. Nxe4 Qe8 23. Kb1 Bxg5 24. Nxg5 hxg5 25. Qf5+ Qf7 26. Qxg5 Rh5 27. Qg3 Rf5 28. h5 Kg8 29. h6 g6 30. h7+ Kh8 31. Rdg1 Rxf2 32. Qc7 Nf8 33. Qe5+ Qf6 34. Qc7 Re8 35. Re1 Rxe1+ 36. Rxe1 Qf5+ 37. Ka1 Rf1 38. Qg3 Qf4 0-1

[Event "Sao Paulo op-A 6th"]
[Site "Sao Paulo"]
[Date "2017.04.14"]
[Round "1"]
[White "Nogueira, Ivan Kuhlmann"]
[Black "Poeta, Caio Medeiros"]
[Result "1-0"]
[WhiteElo "2275"]
[BlackElo "2035"]
[PlyCount "131"]
[EventDate "2017.04.14"]
[EventType "swiss"]
[EventRounds "6"]
[EventCountry "BRA"]
[SourceTitle "CBM 178 Extra"]
[Source "ChessBase"]
[SourceDate "2017.06.22"]
[SourceVersion "1"]
[SourceVersionDate "2017.06.22"]
[SourceQuality "1"]

1. e4 c6 2. d4 d5 3. exd5 cxd5 4. Bd3 Nc6 5. c3 Nf6 6. Bf4 g6 7. Qc2 Bg7 8. Nf3 Bd7 9. h3 0-0 10. Nbd2 Re8 11. 0-0 Nh5 12. Bh2 e5 13. dxe5 Nxe5 14. Nxe5 Bxe5 15. Bxe5 Rxe5 16. Nf3 Re8 17. Qd2 Qf6 18. Qg5 Qxg5 19. Nxg5 Nf4 20. Bc2 Re2 21. Rfc1 Rae8 22. Nf3 Bxh3 23. gxh3 Nxh3+ 24. Kg2 Rxf2+ 25. Kxh3 Rxf3+ 26. Kg2 Rfe3 27. Rf1 h5 28. Bb3 Rd3 29. Rad1 Rxd1 30. Rxd1 Re2+ 31. Kf3 Rxb2 32. Rxd5 Rb1 33. Rd7 Rf1+ 34. Kg2 Rf5 35. Rxb7 a5 36. c4 Kg7 37. Rb5 Rf4 38. c5 Rf5 39. a4 Rf6 40. Bd5 Kf8 41. Rxa5 g5 42. Ra8+ Ke7 43. Ra7+ Ke8 44. Bxf7+ Kd8 45. Bxh5 Rc6 46. Ra5 Kc7 47. Bf3 Re6 48. c6 Re1 49. Ra7+ Kb6 50. Rb7+ Ka6 51. Rb4 Re7 52. Rc4 Rc7 53. Kg3 Kb6 54. Kg4 Rc8 55. c7 Rxc7 56. Rxc7 Kxc7 57. Kxg5 Kb6 58. Kf5 Ka7 59. Ke5 Kb8 60. Kd6 Ka7 61. Kc5 Ka6 62. Kb4 Kb6 63. a5+ Ka6 64. Bc6 Ka7 65. Kb5 Kb8 66. Kb6 1-0

[Event "Moscow Aeroflot op-B 16th"]
[Site "Moscow"]
[Date "2017.03.01"]
[Round "9"]
[White "Nogueira, Ivan Kuhlmann"]
[Black "Paramzina, Anastasya"]
[Result "1/2-1/2"]
[WhiteElo "2308"]
[BlackElo "2220"]
[PlyCount "80"]
[EventDate "2017.02.21"]
[EventType "swiss"]
[EventRounds "9"]
[EventCountry "RUS"]
[SourceTitle "CBM 177 Extra"]
[Source "ChessBase"]
[SourceDate "2017.04.27"]
[SourceVersion "1"]
[SourceVersionDate "2017.04.27"]
[SourceQuality "1"]

1. e4 c5 2. Nf3 d6 3. Bb5+ Bd7 4. c4 Nc6 5. d4 cxd4 6. Nxd4 g6 7. Nc3 Bg7 8. Bxc6 bxc6 9. 0-0 Nf6 10. c5 0-0 11. cxd6 exd6 12. Bf4 Re8 13. Re1 Ng4 14. Nb3 Qb6 15. Bg3 Be5 16. Qd2 Be6 17. Bxe5 Nxe5 18. Qxd6 Bxb3 19. axb3 Qxb3 20. Qa3 Reb8 21. Na4 Nc4 22. Qc5 Qb5 23. Qe7 Re8 24. Qf6 Rad8 25. Qc3 Rb8 26. Qd4 Na5 27. Qd7 Ra8 28. Qc7 Nc4 29. b3 Ne5 30. Rab1 Nd3 31. Red1 Rad8 32. h4 Qh5 33. Qxc6 Nf4 34. Rxd8 Rxd8 35. Nc3 Qg4 36. g3 Nh3+ 37. Kg2 Nf4+ 38. Kg1 Nh3+ 39. Kg2 Nf4+ 40. Kg1 Nh3+ 1/2-1/2

[Event "Moscow Aeroflot op-B 16th"]
[Site "Moscow"]
[Date "2017.02.24"]
[Round "4"]
[White "Nogueira, Ivan Kuhlmann"]
[Black "Palachev, Petr"]
[Result "1/2-1/2"]
[WhiteElo "2308"]
[BlackElo "2418"]
[PlyCount "189"]
[EventDate "2017.02.21"]
[EventType "swiss"]
[EventRounds "9"]
[EventCountry "RUS"]
[SourceTitle "CBM 177 Extra"]
[Source "ChessBase"]
[SourceDate "2017.04.27"]
[SourceVersion "1"]
[SourceVersionDate "2017.04.27"]
[SourceQuality "1"]

1. e4 c5 2. Nf3 d6 3. Bb5+ Nd7 4. c3 Ngf6 5. Qe2 a6 6. Ba4 b5 7. Bc2 e5 8. d4 Be7 9. Nbd2 0-0 10. dxe5 dxe5 11. Nf1 Bb7 12. Ng3 Re8 13. Nf5 Bf8 14. c4 Qc7 15. 0-0 h6 16. Nd2 Nb8 17. Bd3 g6 18. Ne3 Nc6 19. Nd5 Nxd5 20. cxd5 Nd4 21. Qd1 c4 22. Be2 Bg7 23. Nf3 f5 24. Be3 Nxe2+ 25. Qxe2 fxe4 26. Nd2 Bxd5 27. Rac1 Rac8 28. Qg4 Qc6 29. Rfe1 Kh7 30. Nb1 b4 31. Nd2 Qb7 32. Nb1 a5 33. h4 Be6 34. Qe2 Red8 35. Bd2 Rd4 36. h5 g5 37. Be3 Rd3 38. Nd2 Qd5 39. Nf1 c3 40. Rc2 Qxa2 41. Bxg5 Qd5 42. Bc1 cxb2 43. Rxb2 b3 44. Ng3 a4 45. Rb1 e3 46. fxe3 e4 47. Qf1 Rf8 48. Qe2 Be5 49. Nf1 Qd7 50. Ba3 Rf7 51. Rec1 Bg4 52. Qe1 Qf5 53. Rc5 Qe6 54. Qa5 Bb8 55. Qxa4 Ba7 56. Rb5 Bd1 57. Bc5 Rxf1+ 58. Kxf1 Qf5+ 59. Kg1 Bxc5 60. Rxc5 Qxc5 61. Qxe4+ Kh8 62. Qxd3 Bc2 63. Qd8+ Kg7 64. Qd7+ Kf6 65. Rf1+ Ke5 66. Qg7+ Ke4 67. Re1 Kd3 68. Qd7+ Kc3 69. Qg7+ Kd2 70. Qa1 b2 71. Qxb2 Kxe1 72. Qc1+ Ke2 73. Qf1+ Kd2 74. Qf2+ Kc1 75. Qf4 Qxh5 76. Kf2 Qg6 77. Qd4 Qf5+ 78. Qf4 Qe6 79. Qd4 Kb1 80. Qc3 Qe4 81. Qa3 h5 82. Kg1 Bd1 83. Qc3 Ba4 84. Qd2 Bc6 85. Kh2 Qh4+ 86. Kg1 Qe4 87. Kh2 h4 88. Kh3 Bd5 89. Qd1+ Ka2 90. Qd2+ Ka3 91. Qc3+ Ka4 92. Qd4+ Kb3 93. Qd1+ Ka3 94. Qa1+ Kb4 95. Qd4+ 1/2-1/2

[Event "Moscow Aeroflot op-B 16th"]
[Site "Moscow"]
[Date "2017.02.22"]
[Round "2"]
[White "Nogueira, Ivan Kuhlmann"]
[Black "Kostenko, Petr"]
[Result "0-1"]
[WhiteElo "2308"]
[BlackElo "2441"]
[PlyCount "94"]
[EventDate "2017.02.21"]
[EventType "swiss"]
[EventRounds "9"]
[EventCountry "RUS"]
[SourceTitle "CBM 177 Extra"]
[Source "ChessBase"]
[SourceDate "2017.04.27"]
[SourceVersion "1"]
[SourceVersionDate "2017.04.27"]
[SourceQuality "1"]

1. e4 e6 2. d4 d5 3. Nc3 Nf6 4. Bg5 dxe4 5. Nxe4 Be7 6. Nxf6+ Bxf6 7. Bxf6 Qxf6 8. c3 c5 9. Nf3 cxd4 10. Qxd4 Qxd4 11. Nxd4 Bd7 12. Nb5 Bxb5 13. Bxb5+ Ke7 14. 0-0-0 a6 15. Be2 Nd7 16. Bf3 Rab8 17. Rhe1 Rhc8 18. Be4 b5 19. Kb1 Nf6 20. Bf3 Ne8 21. Rd4 Rd8 22. Red1 Rxd4 23. Rxd4 Nd6 24. g3 f5 25. Rd1 g5 26. Re1 Kf6 27. h3 Rb6 28. b3 Nf7 29. Rd1 Rd6 30. Rxd6 Nxd6 31. Kc2 e5 32. Bd5 e4 33. f4 exf3 34. Bxf3 Ke5 35. Kd3 a5 36. a3 Ne4 37. h4 Nc5+ 38. Ke3 Nxb3 39. Bc6 Nc5 40. hxg5 Ne4 41. Bxb5 Nxc3 42. Bc4 Ne4 43. Bg8 Nxg5 44. Ba2 Ne4 45. Kf3 h6 46. Bg8 Nc3 47. Bc4 Nb1 0-1